000 00409nam a2200157Ia 4500
008 260417s2023 xx 000 0 und d
041 _aeng
082 _a344.1044/PRA
_bDI-1334
100 _aDR.DISHA PRAJAPATI
245 _aPHARMACY LAW AND ETHICS
250 _a2ND ed
260 _aPUNE
_b2023
_bTECH KNOWLEDGE PUB.
300 _aP.B.21.8p
650 _aPHARMACY LAW AND ETHICS
700 _aJAYA PATEL
999 _c1220645
_d1220645